|
|
|
|
| LEADER |
00000nab a2200000 a 4500 |
| 001 |
vtls009463184 |
| 003 |
SK-MaSNL |
| 005 |
20260303184817.0 |
| 008 |
140429c2008 xo |||| ||| 000 b|slo |
| 015 |
|
|
|a SNBRB2009/01
|2 snkbucl
|
| 038 |
|
|
|a SNKBUCL
|
| 040 |
|
|
|a SNKBUCL
|b slo
|c SNKBUCL
|e AACR2
|
| 041 |
0 |
|
|a slo
|
| 044 |
|
|
|a xo
|c SK
|
| 080 |
|
|
|a 82.0:82-1/-9
|x (048)
|2 2001
|
| 080 |
|
|
|a 82(091):821.162.4-93"18/20"
|x (048)
|2 2001
|
| 080 |
|
|
|a 821.162.4-93
|x (091)
|x "18/20"
|x (048)
|2 2001
|
| 080 |
|
|
|a 821.162.4-34
|x (091)
|x "18/20"
|x (048)
|2 2001
|
| 080 |
|
|
|a 821.162.4-3
|x (0.053.2)
|x (091)
|x "18/20"
|x (048)
|2 2001
|
| 100 |
1 |
|
|a Vitézová, Eva,
|d 1964-
|4 aut
|9 231479
|
| 245 |
1 |
0 |
|a Gabriela Magalová: Rozprávky s kresťansko-didaktickou tendenciou
|c Eva Vitézová
|
| 648 |
|
7 |
|a 19.-21. stor.
|2 snkbucl
|9 310626
|
| 650 |
0 |
7 |
|a literatúra pre deti a mládež, slovenská
|x dejiny
|2 snkbucl
|9 826043
|
| 650 |
0 |
7 |
|a autorská rozprávka, slovenská
|2 snkbucl
|9 770484
|
| 650 |
0 |
7 |
|a autorská rozprávka s kresťansko-didaktickou tendenciou
|2 snkbucl
|9 826044
|
| 650 |
0 |
7 |
|a monografie
|2 snkbucl
|9 256509
|
| 650 |
0 |
7 |
|a slovenská literatúra
|x literatúra pre deti a mládež
|x dejiny
|2 snkbucl
|9 1039321
|
| 655 |
|
7 |
|a recenzie
|2 snkbucl
|9 21907
|
| 773 |
0 |
|
|t Bibiana
|g Roč. XV, č. 1 (2008), s. 61-62
|x 1335-7263
|
| 787 |
0 |
8 |
|i Rec:
|a Magalová, Gabriela
|t Rozprávky s kresťansko-didaktickou tendenciou
|d Nitra : Univerzita Konštantína Filozofa, 2007
|z 9788080941659
|
| 852 |
|
|
|a SNK
|b KIS3GCP
|
| 958 |
|
|
|a LX
|
| 958 |
|
|
|a SK
|
| 958 |
|
|
|a RC
|
| 999 |
|
|
|c 2128316
|d 2130246
|